00519nam a2200157Ia 4500003000900000008004100009040001600050080002400066110003500090245007800125260005300203300001600256650002400272650002200296650004300318IN-BaIIA211028s9999 xx 000 0 eng d cIIA Library a083.8:523.8bAPP-77 aAstronomisches Rechen-Institut 0aApparent places of fundamental stars 1977cAstronomisches Rechen-Institut aHeidelbergbAstronomisches Rechen-Institutc1975 axliv, 510p. a Catalogue-Stars  a Stars Catalogue aAstronomy and Astrophysics Thesaurus